000 02746nam0a2200373 4500
001 RU\NLR\BIBL_A\016225003
005 20230119112729.0
010 _a978-5-9287-3348-3
_910000
021 _aRU
_bКН-П-22-002569
_9КН-П-22-6670
035 _a(NLR Aleph) 016225003
035 _a(RuMoRGB)011331186
090 _a12749951
_c12749951
100 _a20221201d2022 d y0rusy50 ca
101 1 _arus
_ceng
102 _aRU
105 _a |||z|||000 y
181 0 _ai3
_baxxe
181 0 _ab1
_bxb2e
182 0 _an
200 1 _aПринц и нищий
_eроман
_fМарк Твен
_g[перевод с английского К. и Н. Чуковских]
_gиллюстрации А. Иткина
203 _aТекст
_aИзображение
_bвизуальные
_cнепосредственные
210 _aМосква
_cЛабиринт Пресс
_d2022
215 _a228, [3] с.
_cцв. ил.
_d29
225 1 _aКлуб любителей приключений
330 _aРоман Марка Твена начинается с совершенно неправдоподобного события - Эдуард, английский принц, сын Генриха VIII, и нищий Том Кенти не только встретились и решили забавы ради поменяться одеждой, но еще и оказались похожи друг на друга как две капли воды. Случайное стечение обстоятельств - и Эдуарду вместе с лохмотьями Тома досталась участь нищего, а Тому пришлось примерить не только роскошный наряд, но и жизнь наследника престола, подчиненную строгим правилам дворцового этикета, - совсем не такую сладкую, как ему казалось. Оборванцу-принцу предстоит вытерпеть немало унижений и лишений, но он сумеет сохранить отвагу и чувство собственного достоинства, а еще - научится быть милосердным
333 _aДля детей 12-14 лет; 12+
686 0 _aШ9(7США)62-4
700 1 _7ca
_8rus
_aТвен
_bМ.
_f1835-1910
_gМарк
_9110265
_3RU\NLR\AUTH\77201
702 1 _4440
_7ca
_8rus
_aИткин
_bА. З.
_cхудожник, писатель
_f1931-
_gАнатолий Зиновьевич
_985979
_3RU\NLR\AUTH\77103053
942 _cBOOK
980 _aNB